Fodor's gay guide to the USA /

সংরক্ষণ করুন:
গ্রন্থ-পঞ্জীর বিবরন
প্রধান লেখক: Collins, Andrew
বিন্যাস: গ্রন্থ
ভাষা:ইংরেজি
প্রকাশিত: New York Fodor's Travel Publications c1996-
ট্যাগগুলো: ট্যাগ যুক্ত করুন
কোনো ট্যাগ নেই, প্রথমজন হিসাবে ট্যাগ করুন!

MARC

LEADER 00000nam a2200000 4500
001 CDOM0000000611
003 mi
005 20250821102405.0
008 250728b |||||||| |||| 00| 0 eng d
020 |a 0679029095 
040 |c mi 
100 |a Collins, Andrew 
245 1 |a Fodor's gay guide to the USA /  |c by Andrew collins 
260 |a New York  |b Fodor's Travel Publications  |c c1996- 
300 |a xiii, 489 p.  |c mappe  |c 23 cm. 
942 |2 ddc  |c BK 
952 |0 0  |1 0  |2 ddc  |4 0  |6 B_STL07COLANGAY11  |7 0  |9 4905  |a MI  |b MI  |d 2005-05-29  |i 4899  |l 0  |o B-STL07-COLAN-GAY11  |p CDOM4899  |r 2025-07-07 11:14:36  |w 2025-07-07  |x DONO  |y BK 
999 |c 3859  |d 3859